Dates HPB - Statistiques

Statistiques générales
  • Ce quiz a été pris 26 fois
  • Le résultat moyen est 53 sur 100
Statistiques - réponses
Evènement Dates % Correct
Révolution brabançonne | Révolution française 1789
100%
Loi d'Allarde | Loi le Chapelier 1791
100%
Création du "meetingpartij" 1862
100%
Création du parti ouvrier belge 1885
100%
Création de l'assemblée wallonne 1912
100%
Loi accordant le droit de vote à certaines femmes pour les élections communales 1920
100%
Abrogation de l'article 310 du Code pénal sanctionnant la participation à une grève | Création de l'union catholique belge | Création du Parti communiste belge 1921
100%
La première charte des franchises de Huy 1066
67%
Bataille des Eperons d'or | Les Mâtines brugeoises 1302
67%
Paix de Fexhe 1316
67%
Joyeuse entrée 1356
67%
Destruction de Liège par charles le Téméraire 1468
67%
Grand privilège 1477
67%
Pragmatique sanction 1549
67%
Pacification de Gand 1576
67%
Trêve de douze ans 1609
67%
Révolution liégeoise 1789-1790
67%
Congrès de Vienne 1814-1815
67%
création du parti libéral 1846
67%
Création de la fédération des cercles catholiques 1868
67%
Troisième loi organique de l'enseignement primaire 1884
67%
Loi sur le travail des femmes et des enfants, interdisant le travail industriel aux enfants de moins de 12 ans 1889
67%
Adoption du scrutin proportionnel 1899
67%
Loi transférant le Congo à la Belgique et la Charte coloniale 1908
67%
Cinquième loi organique de l'enseignement primaire 1914
67%
Introduction du suffrage universel masculin | Loi introduisant l'apparentement 1919
67%
Deuxième révision de la Constitution 1920-1921
67%
Création du système de sécurité sociale 1944
67%
Création du part social-chrétien 1945
67%
Loi attribuant aux femmes le droit de vote pour les chambres législatives 1948
67%
Indépendance du Congo 1960
67%
Loi sur l'emploi des langues en matière administrative, créant quatre régions linguistiques 1963
67%
Création du Front démocratique des Bruxellois francophones 1964
67%
Scission du parti pour la liberté et le progrès 1972
67%
Pacte culturel 1973
67%
Loi ordinaire sur la régionalisation préparatoire 1974
67%
Fusion des communes 1975
67%
Création du Vlaams Blok | La création de l'Union démocratique pour le respect du travail | Scission du parti socialiste 1978
67%
Création d'Ecolo | Loi spéciale des réformes institutionnelles | Quatrième révision de la Constitution 1980
67%
Création d'Agalev 1982
67%
Création du Front National 1985
67%
Marche blanche 1996
67%
Accord Octopus 1998
67%
Accords de Lambermont, de la saint Polycarpe, du Lombard et de la saint Boniface 2000-2001
67%
Création de la Nieuw-Vlaamse Alliantie 2001
67%
Septième révision de la Constitution 2011-2014
67%
Prestation du serment de Léopold 1er 21 juillet 1831
67%
Journées de septembre 23-27 septembre 1830
67%
Représentation de La Muette de Portici 25 août 1830
67%
existence du gouvernement provisoire 26 septembre 1830-24 février 1831
67%
Déclaration de l'indépendance de la Belgique par le Gouvernement provisoire 4 octobre 1830
67%
Traités de Westphalie 1648
33%
Conférence de Londres 1830
33%
Unionisme spontané 1831-1839
33%
Unionisme par système 1839-1847
33%
Première loi organique de l'instruction primaire 1842
33%
Abrogation du délit de coalition 1866
33%
deuxième loi organique de l'enseignement primaire 1879
33%
Conférence de Berlin 1884-1885
33%
Première révision de la Constitution et introduction du suffrage universel tempéré par le vote plural 1893
33%
Déclaration de principes de Quaregon 1894
33%
Quatrième loi organique de l'enseignement primaire 1895
33%
Loi d'égalité 1898
33%
La loi relative à l'emploi des langues en matière administrative instaurant le principe de la frontière linguistique 1932
33%
Assassinat de Julien Lahaut | Consultation populaire sur la question royale 1950
33%
Création de la Volksunie | Pacte scolaire 1958
33%
la loi clichant la frontière linguistique 1962
33%
Affaire de Louvain | Création du rassemblement wallon | Scission du parti social-chrétien 1968
33%
La loi spéciale relative aux institutions bruxelloises | Loi relative au financement des partis politiques 1989
33%
Loi dépénalisant partiellement l'IVG 1990
33%
Promulgation de la Constitution belge 7 février 1831
33%
Manifeste du mouvement flamand 1847
0%
Convention d'Anvers 1854
0%
Commission des griefs flamands | Loi des couvents 1856
0%
première guerre scolaire 1878-1884
0%
Loi instaurant la semaine des congés payés 1936
0%
Deuxième guerre scolaire 1950-1958
0%
Création du mouvement populaire wallon | Loi unique 1961
0%
Troisième révision de la Constitution 1967-1971
0%
loi organique des centres publics d'aide sociale 1976
0%
Pacte d'Egmont 1977
0%
Cinquième révision de la Constitution 1988-1992
0%
Sixième révision de la Constitution 1993
0%
Aucun quiz correspondant
Distribution des résultats
% des personnes avec chaque résultat
Percentile par nombre de réponses
Votre historique - résultats
Vous n’avez pas pris ce quiz